Statistieken voor Oost-Vlaanderen Gemeenten

Klik hier om de quiz te nemen!

Algemene statistieken

  • Deze quiz is 80 keer genomen
  • De gemiddelde score is 34 van 60

Antwoordstatistieken

Antwoord% Correct
17Gent
95%
5Beveren
85%
33Lokeren
85%
58Zottegem
85%
13Eeklo
80%
48Sint-Niklaas
80%
1Aalst
75%
2Aalter
75%
9Deinze
75%
11Dendermonde
75%
8De Pinte
75%
18Geraardsbergen
75%
53Wetteren
75%
42
Oudenaarde
70%
57Zelzate
70%
37Merelbeke
65%
43Ronse
65%
56Zele
65%
10Denderleeuw
60%
28Lebbeke
60%
29Lede
60%
32Lochristi
60%
36Melle
60%
45Sint-Laureins
60%
47Sint-Martens-Latem
60%
60Zwalm
60%
6Brakel
55%
7Buggenhout
55%
15Evergem
55%
27Laarne
55%
35Maldegem
55%
39Nazareth
55%
40Ninove
55%
50Temse
55%
51Waasmunster
55%
14Erpe-Mere
50%
16Gavere
50%
19Haaltert
50%
20Hamme
50%
21Herzele
50%
26Kruisem
50%
31Lievegem
50%
52Wachtebeke
50%
54Wichelen
50%
3Assenede
45%
4Berlare
45%
24Kluisbergen
45%
30Lierde
45%
41Oosterzele
45%
55Wortegem-Petegem
45%
59Zulte
45%
25Kruibeke
40%
38Moerbeke
40%
46Sint-Lievens-Houtem
40%
49Stekene
40%
12Destelbergen
35%
22Horebeke
35%
34Maarkedal
35%
44Sint-Gillis-Waas
35%
23Kaprijke
30%

Scoreverdeling

Percentiel versus Aantal Correcte Antwoorden

Procent van Mensen met Elke Score

Uw Scoregeschiedenis

U heeft deze quiz nog niet genomen